000
00220nam a22000857a 4500
008
161210b xxu||||| |||| 00| 0 eng d
100
_9
1989
_a
Chhahra.T.N.etal.
245
_a
Business Studies-XII
260
_a
New Delhi
_b
APC
_c
2011
999
_c
4803
_d
4803